000 00649cam a22002538a 4500
005 20260322212011.0
008 data
010 _a 2010019154
020 _a9781594202667
020 _a1594202664
040 _aDLC
_cDLC
043 _an-us---
050 0 0 _aE312
_b.C495 2010
082 0 0 _aB
_aB
_222
100 1 _aChernow, Ron.
245 1 0 _aWashington :
_ba life /
_cRon Chernow.
260 _aNew York :
_bPenguin Press,
_c2010.
263 _a1010
300 _ap. cm.
504 _aIncludes bibliographical references and index.
600 1 0 _aWashington, George,
_d1732-1799.
650 0 _aPresidents
_zUnited States
_vBiography.
001 data
999 _c227
_d227